[Event "Challenge"]
[Site "http://www.queenalice.com/game.php?id=1182386"]
[Date "2013.5.18"]
[Round "-"]
[White "jahe"]
[Black "blackdogwhisky"]
[Result "1-0"]
[WhiteElo "1779"]
[BlackElo "1023"]

1. e4 g6 2. Nf3 Bh6 3. Bc4 f6 4. Nd4 e6 5. Nc3 Qe7 6. Bb3 Qd6 7. Nf3 Nc6 8. Nb5
Qc5 9. Nxc7+ Kd8 10. Nxa8 f5 11. d4 1-0

[Event "Challenge"]
[Site "http://www.queenalice.com/game.php?id=1186569"]
[Date "2013.6.1"]
[Round "-"]
[White "blackdogwhisky"]
[Black "dejami"]
[Result "0-1"]
[WhiteElo "1023"]
[BlackElo "1631"]

1. b3 e5 2. Ba3 c5 3. c4 d6 4. Qc2 Qf6 5. Nf3 Bf5 6. e4 Bg6 7. h4 Nc6 8. Ng5 h6
9. Nh3 Nd4 10. Qd3 Qxh4 11. g3 Qxe4+ 12. Qxe4 Bxe4 13. Kd1 Bxh1 14. Nc3 Bf3+ 15.
Kc1 Bg4 16. Ne4 Nf3 17. Be2 f5 18. Nxd6+ Bxd6 19. Bxf3 Bxf3 20. Ng1 Bg4 21. f3
Bh5 22. Kc2 Bg6 23. Re1 f4+ 24. Kb2 fxg3 25. Re2 Ne7 26. Rg2 e4 27. fxe4 Be5+
28. Kc1 Bxe4 0-1

[Event "Challenge"]
[Site "http://www.queenalice.com/game.php?id=1191013"]
[Date "2013.6.14"]
[Round "-"]
[White "fluke"]
[Black "blackdogwhisky"]
[Result "1-0"]
[WhiteElo "1300"]
[BlackElo "1023"]

1. e4 d5 2. f3 Qd6 3. d4 Qb4+ 4. Nc3 Bd7 5. a3 Qa5 6. exd5 c6 7. b4 Qb6 8. Na4
cxd5 9. Nxb6 axb6 10. c3 Ba4 11. Qe2 b5 12. f4 h5 13. h4 Ra6 14. Nf3 Re6 15. Be3
Bb3 16. f5 Bc4 17. Qd2 1-0

[Event "Um dia!"]
[Site "http://www.queenalice.com/game.php?id=1270707"]
[Date "2014.4.8"]
[Round "-"]
[White "Leovitor"]
[Black "blackdogwhisky"]
[Result "1-0"]
[WhiteElo "1599"]
[BlackElo "1017"]

1. e4 g6 2. d4 Bh6 3. Bxh6 Nxh6 4. Qd2 Ng4 5. Be2 d5 6. exd5 Qxd5 7. Nf3 Bf5 8.
Nc3 Qa5 9. O-O c5 10. dxc5 Qc7 11. Rad1 e5 12. Nd5 Qd7 13. Nc7+ Qxc7 14. Bb5+
Ke7 15. Qd6+ Qxd6 16. cxd6+ Ke6 17. d7 Rd8 18. Rd2 a6 19. Ba4 b5 20. Bb3+ Ke7
21. Rfd1 Nxd7 22. Nh4 Be6 23. Bxe6 Kxe6 24. Rd6+ Ke7 25. h3 Nh6 26. Nf3 Nf5 27.
R6d2 e4 28. Nh2 e3 29. fxe3 Nxe3 30. Re1 Nc5 31. Rxd8 Rxd8 32. Rxe3+ Kf8 33. Nf3
1-0

[Event "Let's Play Chess!"]
[Site "http://www.queenalice.com/game.php?id=1271088"]
[Date "2014.4.8"]
[Round "-"]
[White "Ninho"]
[Black "blackdogwhisky"]
[Result "1-0"]
[WhiteElo "1993"]
[BlackElo "1017"]

1. e4 g6 2. d4 b6 3. Nf3 Bh6 4. Nc3 Bxc1 5. Qxc1 Ba6 6. Bxa6 Nxa6 7. O-O d6 8.
a3 Qd7 9. b4 h5 10. b5 Nb8 11. d5 a6 12. e5 axb5 13. Qf4 Qg4 14. Qg5 Qxg5 15.
Nxg5 dxe5 16. Nxb5 Kd8 17. Nxf7+ Ke8 18. Nxh8 Kf8 19. Nxg6+ Kg7 20. Nxe5 Ra5 21.
Nxc7 Ra7 22. Ne6+ Kf6 23. f4 Ra5 24. c4 Nh6 25. Nf8 Kg7 26. Nfd7 Nxd7 27. Nxd7
Ra7 28. Nxb6 Ra6 29. c5 Ra5 30. c6 Ra7 31. a4 Nf5 32. Rac1 Nd4 33. Rfe1 Nb3 34.
c7 Rxc7 35. Rxc7 Kf6 36. Rexe7 Nd4 37. Re8 Kf5 38. Re5+ Kf6 39. Nd7+ Kg6 40.
Nf8+ Kf6 41. Nh7+ Kg6 42. Rg5+ Kh6 43. Rcg7 Ne2+ 44. Kf1 Nxf4 45. g3 1-0

[Event "Let's Play Chess!"]
[Site "http://www.queenalice.com/game.php?id=1271706"]
[Date "2014.4.10"]
[Round "-"]
[White "tucuman"]
[Black "blackdogwhisky"]
[Result "1-0"]
[WhiteElo "1620"]
[BlackElo "1047"]

1. c3 c5 2. e4 Qa5 3. d3 g6 4. Nd2 Bh6 5. g3 Bxd2+ 6. Bxd2 b5 7. Bg2 Qa4 8. Qxa4
bxa4 9. a3 Nf6 10. Bh6 Ba6 11. Bg7 Rg8 12. Bxf6 Bxd3 13. Be5 Nc6 14. Bf4 Rb8 15.
Bc1 g5 16. Ra2 g4 17. Ne2 Bxe2 18. Kxe2 Na5 19. Re1 Nb3 20. Bf4 Rg6 21. Bxb8 Rb6
22. Bxa7 Rd6 23. Bb8 Rd2+ 24. Kf1 Rd3 25. Bf4 d6 26. Be3 f6 27. h3 gxh3 28. Bxh3
h5 29. Bg2 Kf8 30. Bf3 e6 31. Be2 Nd2+ 32. Bxd2 Rxd2 33. Bxh5 c4 34. Re2 Rd1+
35. Re1 Rd2 36. Bg4 d5 37. exd5 Ke7 38. Rxe6+ Kf7 39. d6 f5 40. Bxf5 Rd1+ 41.
Re1 Rxd6 42. Raa1 Kf6 43. g4 Rd2 44. Rab1 Rd3 45. Bxd3 1-0

[Event "Let's Play Chess!"]
[Site "http://www.queenalice.com/game.php?id=1272067"]
[Date "2014.4.11"]
[Round "-"]
[White "blackdogwhisky"]
[Black "igorjava"]
[Result "0-1"]
[WhiteElo "1017"]
[BlackElo "1924"]

1. Nf3 d5 2. e3 Bg4 3. Bb5+ Nc6 4. Bxc6+ bxc6 5. c3 e5 6. Qa4 Bd7 7. Nxe5 Qf6 8.
Nxd7 Kxd7 9. Qa6 Bc5 10. Qb7 Ne7 11. Rf1 a5 12. a3 Rhb8 13. Qxb8 Rxb8 14. b4
axb4 15. axb4 Bxb4 16. Ra7 Bc5 17. Ba3 Rxb1+ 18. Ke2 Rxf1 19. Kxf1 Bxa3 20. Rxa3
Qf5 21. Ra4 Qd3+ 0-1

[Event "Let's Play Chess!"]
[Site "http://www.queenalice.com/game.php?id=1272192"]
[Date "2014.4.12"]
[Round "-"]
[White "magalhaes_br"]
[Black "blackdogwhisky"]
[Result "0-1"]
[WhiteElo "1383"]
[BlackElo "1017"]

1. e4 g6 2. Nc3 b6 3. Nf3 Ba6 4. d3 Bh6 5. Ne2 Bxc1 6. Nxc1 Nc6 7. Ne2 d5 8. Ng3
dxe4 9. Nxe4 Qd5 10. b3 Nd4 11. Nc3 Qe6+ 12. Be2 Nxe2 13. Nxe2 Rd8 14. O-O Nf6
15. h3 Nd5 16. c4 Nb4 17. Nc1 h5 18. Ne2 Rxd3 19. Qe1 Nc2 20. Qb1 Qxe2 21. Qb2
f6 22. Rac1 b5 23. Qxc2 Qxc2 24. Rxc2 Bb7 25. Ne1 Rd1 26. a4 bxa4 27. bxa4 Be4
28. Re2 f5 29. f3 Bd3 30. Nxd3 Rxd3 31. g4 Rf8 32. gxh5 gxh5 33. Kg2 Kf7 34. Kg3
Rg8+ 35. Kh4 Rd4+ 36. Kxh5 Rh8+ 37. Kg5 e6 38. Rh1 Rg8+ 39. Kh5 Rh8+ 40. Kg5
Rg8+ 41. Kh5 Rh8+ 42. Kg5 Rg8+ 43. Kh5 Kf6 44. a5 Rh8# 0-1

[Event "Let's Play Chess!"]
[Site "http://www.queenalice.com/game.php?id=1272290"]
[Date "2014.4.11"]
[Round "-"]
[White "carlosufpe"]
[Black "blackdogwhisky"]
[Result "1-0"]
[WhiteElo "1749"]
[BlackElo "1049"]

1. d4 e6 2. e3 g6 3. Nf3 Bb4+ 4. c3 Ba5 5. a4 b6 6. b4 Ba6 7. Bxa6 Nxa6 8. bxa5
bxa5 9. O-O Rb8 10. Nbd2 Qf6 11. Qc2 Qf5 12. Qxf5 exf5 13. Ba3 Nf6 14. Rfb1
Rxb1+ 15. Rxb1 Ne4 16. Nxe4 fxe4 17. Ne5 d6 18. Nc6 Kd7 19. h4 Kxc6 20. c4 Rb8
21. Rxb8 Nxb8 22. c5 Nd7 23. cxd6 cxd6 24. Kh2 Nb6 25. Bc1 Nxa4 26. Bd2 Nb2 27.
Bxa5 Nc4 28. Bd8 Nd2 29. Kg3 Nf1+ 30. Kf4 d5 31. Kg5 Kd7 32. Ba5 Ke6 33. Kh6 Nh2
34. Kxh7 Ng4 35. f3 Nf6+ 36. Kh6 Ng8+ 37. Kg5 f6+ 38. Kxg6 Ne7+ 39. Kh5 Nf5 40.
fxe4 Ng3+ 41. Kg6 Nxe4 42. h5 Ng5 43. h6 a6 44. Bd8 Kd7 45. Bxf6 Ne6 46. Kf7 a5
47. h7 a4 48. h8=Q a3 49. Qe8+ Kc7 50. Qxe6 1-0

[Event "Let's Play Chess!"]
[Site "http://www.queenalice.com/game.php?id=1275912"]
[Date "2014.4.25"]
[Round "-"]
[White "Ninho"]
[Black "blackdogwhisky"]
[Result "1-0"]
[WhiteElo "1935"]
[BlackElo "1049"]

1. e4 g6 2. Nc3 Bh6 3. d4 Bxc1 4. Qxc1 c6 5. Nf3 Qa5 6. Qd2 Qh5 7. O-O-O Qh6 8.
h4 Qxd2+ 9. Rxd2 Nf6 10. Nh2 a5 11. g4 b5 12. f3 b4 13. Na4 Ba6 14. Nb6 Ra7 15.
Na4 Bxf1 16. Nxf1 h5 17. g5 Nh7 18. d5 c5 19. Nxc5 d6 20. Na4 Rc7 21. Ne3 Na6
22. b3 Nc5 23. Nb6 Rb7 24. Nec4 Na6 25. Na4 Nc5 26. Nxa5 Nxa4 27. Nxb7 Nc5 28.
Nxc5 dxc5 29. e5 Kd7 30. f4 Ra8 31. Kb2 Ra5 32. Rf1 Nf8 33. f5 Ke8 34. Rdf2 Nd7
35. fxg6 fxg6 36. e6 Nb6 37. Rf8# 1-0

[Event "02"]
[Site "http://www.queenalice.com/game.php?id=1278432"]
[Date "2014.5.3"]
[Round "-"]
[White "camiloneto"]
[Black "blackdogwhisky"]
[Result "1-0"]
[WhiteElo "1588"]
[BlackElo "1047"]

1. e4 d5 2. e5 g6 3. Nf3 Bg4 4. h3 Bxf3 5. Qxf3 Qd7 6. d4 Qa4 7. c3 b5 8. Qxd5
Qc2 9. Qxa8 Qxc1+ 10. Ke2 Qc2+ 11. Kf3 Qd1+ 12. Kg3 h5 13. Bxb5+ c6 14. Qxb8+
Kd7 15. Rxd1 Nh6 16. Bc4 Bg7 17. Qxa7+ Kd8 18. Qb6+ Kd7 19. d5 Nf5+ 20. Kh2
Bxe5+ 21. g3 Bc7 22. Qb7 Nd6 23. dxc6+ Kd8 24. Qa8+ 1-0

[Event "Let's Play Chess!"]
[Site "http://www.queenalice.com/game.php?id=1278482"]
[Date "2014.5.3"]
[Round "-"]
[White "blackdogwhisky"]
[Black "igorjava"]
[Result "0-1"]
[WhiteElo "1043"]
[BlackElo "1949"]

1. c4 e5 2. Qc2 Nf6 3. Qa4 Nc6 4. d3 Be7 5. Bg5 h6 6. Bxf6 Bxf6 7. Nc3 O-O 8.
Qa3 a6 9. Nd5 Nd4 10. Rc1 c6 11. Nxf6+ Qxf6 12. Nf3 d5 13. Nxd4 exd4 14. g4 Qf4
15. Rc2 Bxg4 16. h4 Be6 17. f3 dxc4 18. Rg1 Qxh4+ 19. Kd2 Qf4+ 20. Kd1 cxd3 21.
Qxd3 Bf5 22. Qc4 Bxc2+ 23. Qxc2 Rfc8 24. Bh3 d3 25. Qxd3 Rd8 26. Rg4 Rxd3+ 27.
Kc2 Qd2+ 28. Kb1 Qd1# 0-1

[Event "Challenge"]
[Site "http://www.queenalice.com/game.php?id=1278582"]
[Date "2014.5.3"]
[Round "-"]
[White "blackdogwhisky"]
[Black "magalhaes_br"]
[Result "0-1"]
[WhiteElo "1041"]
[BlackElo "1353"]

1. c3 e5 2. Qa4 Nf6 3. d3 h6 4. Nf3 Nc6 5. Bg5 hxg5 6. Nxg5 Qe7 7. Qa3 d6 8. Ne4
Nd7 9. h4 g6 10. g3 b6 11. Bh3 f5 12. Ng5 Nf6 13. Qa4 Bd7 14. Nd2 Bh6 15. b3 a6
16. Nc4 b5 17. Nxd6+ Qxd6 18. g4 fxg4 19. Ne4 Nxe4 20. Qxe4 Rg8 21. Bxg4 O-O-O
22. Bxd7+ Kxd7 23. Qg4+ Ke8 24. h5 g5 25. a4 Na5 26. b4 Nb3 27. Ra3 Nc1 28. Ra1
Nb3 29. f3 Nxa1 30. Qf5 bxa4 31. Qh7 Kf8 32. c4 Rd7 33. c5 Qd4 34. Qxh6+ Rgg7
35. Qh8+ Rg8 36. Qh6+ Rdg7 37. Qf6+ Rf7 38. Qh6+ Ke7 39. Qc6 Nc2+ 40. Kd2 Nxb4
41. Qxc7+ Qd7 42. Qxd7+ Kxd7 43. c6+ Kxc6 44. Kc3 Nd5+ 45. Kb2 Kb5 46. h6 Kb4
47. h7 Rh8 48. Ka1 Rfxh7 49. Rb1+ Ka5 50. e4 Nc3 51. Rc1 Rh1 52. Kb2 Ne2 53.
Rc5+ Kb6 54. Rxe5 Nc1 55. Re6+ Kc7 56. Re7+ Kd8 57. Ra7 Nxd3+ 58. Ka3 Ne1 59.
Ra8+ Ke7 60. Ra7+ Kf8 61. Ra8+ Kg7 62. Ra7+ Kg6 63. Rxa6+ Kh5 64. Kxa4 Nxf3 65.
Ra5 Rb8 66. e5 Ra1# 0-1

[Event "Challenge"]
[Site "http://www.queenalice.com/game.php?id=1280119"]
[Date "2014.5.8"]
[Round "-"]
[White "tucuman"]
[Black "blackdogwhisky"]
[Result "1-0"]
[WhiteElo "1662"]
[BlackElo "1045"]

1. c3 b5 2. e4 c6 3. d4 Qa5 4. b4 Qb6 5. Be3 a5 6. d5 Qc7 7. a3 g6 8. h3 Nf6 9.
Nf3 Nxe4 10. Bd3 Nxf2 11. Bxf2 cxd5 12. Bxb5 Ba6 13. Bxa6 Nxa6 14. O-O Qf4 15.
Qxd5 Qf5 16. Qxa8+ Nb8 17. Qxb8# 1-0

[Event "Challenge"]
[Site "http://www.queenalice.com/game.php?id=1280120"]
[Date "2014.5.8"]
[Round "-"]
[White "blackdogwhisky"]
[Black "tucuman"]
[Result "0-1"]
[WhiteElo "1037"]
[BlackElo "1645"]

1. e4 e5 2. Qe2 Nc6 3. g3 d6 4. Bh3 Bxh3 5. Nxh3 h6 6. Qb5 Rb8 7. Nc3 a6 8. Qa4
Qd7 9. Ng1 Nd4 10. Qxd7+ Kxd7 11. Nge2 Nxc2+ 12. Kd1 Nxa1 13. g4 Rd8 14. Nd5 Kc8
15. Nec3 Nf6 16. Nxf6 gxf6 17. Nd5 Bg7 18. Ne7+ Kb8 19. h4 Rhe8 20. Nf5 Bf8 21.
d3 d5 22. Bxh6 dxe4 23. Ng7 Rxd3+ 24. Ke2 Nc2 25. Nxe8 Bxh6 26. g5 fxg5 27. hxg5
Nd4+ 28. Kf1 Bxg5 29. Rh8 Rd1+ 30. Kg2 Ka7 31. Nxc7 f6 32. Ra8+ Kb6 33. Nd5+ Kc6
34. Ne7+ Kd6 35. Nc8+ Ke6 36. Rxa6+ Nc6 37. Ra7 e3 38. Rxb7 e2 39. Re7+ Nxe7 0-1

[Event "Let's Play!"]
[Site "http://www.queenalice.com/game.php?id=1280673"]
[Date "2014.5.11"]
[Round "-"]
[White "blackdogwhisky"]
[Black "digger"]
[Result "0-1"]
[WhiteElo "1035"]
[BlackElo "1538"]

1. Nf3 d5 2. c3 Bg4 3. Ne5 Bf5 4. d3 Qd6 5. f4 f6 6. Qa4+ c6 7. Be3 fxe5 8. Qa3
Qxa3 9. bxa3 Nd7 10. g3 h6 11. h4 e4 12. dxe4 Bxe4 13. Nd2 Bc2 14. Bh3 Ndf6 15.
Bd4 Ne4 16. Nxe4 Bxe4 17. Be6 Bxh1 18. Rb1 b6 19. Bxg8 Rxg8 20. Kd2 Be4 21. Rb4
c5 22. Ra4 cxd4 23. Rxd4 e6 24. c4 Bb1 25. cxd5 Bxa2 26. dxe6 Bxe6 27. Re4 Rd8+
28. Ke1 Kf7 29. a4 Bb4+ 30. Kf2 Bc5+ 31. e3 Rd2+ 32. Kf3 h5 33. f5 Bxf5 34. Rf4
g6 35. e4 Rd3+ 36. Ke2 Rxg3 37. exf5 gxf5 38. Rxf5+ Kg6 39. Rf3 Re8+ 0-1

[Event "Let's Play Chess!"]
[Site "http://www.queenalice.com/game.php?id=1281437"]
[Date "2014.5.13"]
[Round "-"]
[White "Nimzou"]
[Black "blackdogwhisky"]
[Result "1-0"]
[WhiteElo "1284"]
[BlackElo "1033"]

1. b4 c6 2. a3 b6 3. Nc3 Ba6 4. d3 Qc7 5. e3 Qe5 6. Bb2 g6 7. Nge2 Bb5 8. Rb1
Nf6 9. Nxb5 Qf5 10. Nc7+ Kd8 11. Nxa8 Bh6 12. f3 Bxe3 13. Ng3 Qf4 14. Bc1 Bxc1
15. Qxc1 Qxc1+ 16. Rxc1 Nd5 17. Kd2 h5 18. Rb1 Na6 19. d4 Nf4 20. b5 h4 21. bxa6
hxg3 22. Nxb6 Kc7 23. h3 axb6 24. a4 Ra8 25. Kc3 Nd5+ 26. Kd2 f5 27. a5 b5 28.
Ra1 Rxa6 29. c3 b4 30. Bxa6 Nf4 31. Bf1 Kb8 32. a6 Ka8 33. cxb4 d6 34. b5 cxb5
35. Bxb5 e5 36. Rhc1 exd4 37. Bc6+ Kb8 38. Rcb1+ Ka7 39. Rb7+ Ka8 40. Re7+ Kb8
41. Rb1+ 1-0

[Event "Let's Play Chess!"]
[Site "http://www.queenalice.com/game.php?id=1284515"]
[Date "2014.5.27"]
[Round "-"]
[White "blackdogwhisky"]
[Black "carlosufpe"]
[Result "0-1"]
[WhiteElo "1024"]
[BlackElo "1728"]

1. c3 d6 2. Qa4+ c6 3. g3 Nf6 4. Bh3 Bxh3 5. Nxh3 e6 6. d3 Be7 7. Bg5 Nbd7 8.
Bxf6 Nxf6 9. Nf4 O-O 10. h3 d5 11. Nh5 Nxh5 12. g4 Nf6 13. g5 Nd7 14. h4 a6 15.
d4 b5 16. Qc2 g6 17. h5 Bxg5 18. hxg6 hxg6 19. a4 Kg7 20. Qd3 bxa4 21. c4 Rh8
22. Qf3 Qa5+ 23. Nc3 Qb4 24. Rxh8 Rxh8 25. Rxa4 Qxb2 26. Nd1 Qxd4 0-1

[Event "Challenge"]
[Site "http://www.queenalice.com/game.php?id=1284954"]
[Date "2014.5.30"]
[Round "-"]
[White "magalhaes_br"]
[Black "blackdogwhisky"]
[Result "1-0"]
[WhiteElo "1361"]
[BlackElo "1027"]

1. e4 g6 2. Nf3 c6 3. Nc3 Qa5 4. d3 e6 5. Be3 Bh6 6. a3 Na6 7. Be2 Bxe3 8. fxe3
c5 9. Qd2 b5 10. d4 Rb8 11. g3 Bb7 12. Bd3 b4 13. Ne2 bxa3 14. Rxa3 Qxd2+ 15.
Nxd2 Nb4 16. Rxa7 c4 17. Nxc4 Ba6 18. c3 Bxc4 19. Bxc4 Nc2+ 20. Kf2 Rxb2 21.
Ra8+ 1-0